| 000 | 00448nam a2200133Ia 4500 | ||
|---|---|---|---|
| 003 | GCL | ||
| 008 | 140319s9999 xx 000 0 ara d | ||
| 040 |
_aGCL / _cGCL |
||
| 082 | 0 | 4 |
_a252.4 _bى ز |
| 245 | 1 | 0 | _aالزكاة وترشيد التامين المعاصر |
| 260 |
_a[S.N] : _bدار الوفاء للطباعة والنشر والتوزيع ، _c1990 |
||
| 300 | _a127 ص | ||
| 490 |
_aاضواء على الاقتصاد الاسلامى _v0 |
||
| 999 |
_c32046 _d32046 |
||